Giai thoại văn học Đường

Bộ sưu tập có khoảng 200 mẩu giai thoại

में बचाया:
ग्रंथसूची विवरण
मुख्य लेखक: Giai thoại văn học Đường
स्वरूप: पुस्तक
भाषा:Undetermined
प्रकाशित: Thanh Hóa Nxb. Thanh Hóa 1997
विषय:
टैग : टैग जोड़ें
कोई टैग नहीं, इस रिकॉर्ड को टैग करने वाले पहले व्यक्ति बनें!
Thư viện lưu trữ: Trung tâm Học liệu Trường Đại học Cần Thơ
LEADER 00615nam a2200181Ia 4500
001 CTU_16510
008 210402s9999 xx 000 0 und d
082 |a 809 
082 |b Gi103 
100 |a Giai thoại văn học Đường 
245 0 |a Giai thoại văn học Đường 
245 0 |c Giai thoại văn học Đường; Dịch giả: Lê Văn Đình 
260 |a Thanh Hóa 
260 |b Nxb. Thanh Hóa 
260 |c 1997 
520 |a Bộ sưu tập có khoảng 200 mẩu giai thoại 
650 |a chinese literature 
980 |a Trung tâm Học liệu Trường Đại học Cần Thơ